00876cam a22002653a 4500001000500000005001700005008004100022020002200063040002300085050001300108082001100121100002000132245002900152260004000181300002400221490002100245500002600266505000600292520020500298521001800503521001800521650001100539655003000550655003000580119420230808091916.0010730s2001 nyu j 000 1 eng d a0439164524 (pbk.) aOCOcOCOdJEDdDLC00aPZ7.K837 a813.541 aKorman, Gordon.10aEscape /cGordon Korman. aNew York :bScholastic Inc.,c2001. a132 pages :c20 cm.0 aIsland ;vBook 3 a"An Apple paperback." aM aLuke, Charla, Will, Lyssa, J.J., and Ian aren't alone on their desert island. They've survived so far -- but now their enemies are closing in. They have only one chance at escaping. Will they make it? a680 bLexile aM bRaz-Plus 2Island 7aAdventure fiction.2gsafd 7aChildren's stories.2lcsh